Statistics for Greek mythology Names and Figures

Click here to take the quiz!

General Stats

  • This quiz has been taken 57 times
  • The average score is 8 of 15

Answer Stats

HintAnswer% Correct
Ruler of the skyzeus
96%
Completed 12 impossible labours Heracles
87%
God of the seaPoseidon
81%
Messenger of the godsHermes
79%
Stole the fire from the gods, to give it to humansPrometheus
70%
Lead the myrmidons into the Trojan war Achilles
62%
Wife of OdysseusPenelope
60%
Home of OdysseusIthaca
51%
She burned Eros, son of Aphrodite Psyche
38%
First of the 12 laborsNemean Lion
38%
Wife or daughter of the above (not the same person, just the name is)Amphitrite
34%
Brother of the aboveEpimetheus
34%
Son of the aboveTelemachus
32%
The cousin of the abovePatroclus
28%
Step brother of the aboveIphicles
21%

Score Distribution

Percentile by Number Answered

Percent of People with Each Score

Your Score History

You have not taken this quiz